000 00373nam a2200145Ia 4500
008 220217s9999||||xx |||||||||||||| ||und||
020 _a978-81-317-3253-3
082 _a621 BOL
100 _aBolton, W
245 0 _aMechatronics
250 _a4th
260 _aPearson education of asia
_bNew Delhi
_c2008
300 _aX,593p.;28cm
_b450
650 _aMECHANICHAL
999 _c180720
_d180720